[Event "DEM U16 2021"]
[Site "Willingen GER"]
[Date "2021.08.25"]
[Round "4"]
[White "Albert, Markus"]
[Black "Chassard, Cedric"]
[Result "1-0"]
[Termination "normal"]
[Board "11"]
[WhiteElo "1951"]
[BlackElo "1971"]
[WhiteClock "00:06:08"]
[BlackClock "00:29:22"]
[PlyCount "159"]
[WhiteFideId "16292626"]
[BlackFideId "16243536"]
[EventCountry "GER"]
[EventRounds "9"]
[EventType "swiss"]
[EventDate "2021.08.22"]

1. e4 {[%clk 1:30:57]} e5 {[%clk 1:30:58]} 2. f4 {[%clk 1:31:19]} d5 {[%clk
1:31:23]} 3. exd5 {[%clk 1:31:41]} exf4 {[%clk 1:31:51]} 4. Nf3 {[%clk
1:32:03]} Nf6 {[%clk 1:32:12]} 5. Nc3 {[%clk 1:32:28]} Nxd5 {[%clk 1:23:30]} 6.
Nxd5 {[%clk 1:31:52]} Qxd5 {[%clk 1:23:13]} 7. d4 {[%clk 1:32:07]} Bd6 {[%clk
1:18:38]} 8. Bd3 {[%clk 1:25:40]} O-O {[%clk 1:16:44]} 9. O-O {[%clk 1:23:57]}
c6 {[%clk 1:06:08]} 10. c3 {[%clk 1:10:42]} Bf5 {[%clk 1:03:20]} 11. Ne1 {[%clk
1:06:08]} Nd7 {[%clk 0:59:15]} 12. Bxf4 {[%clk 0:55:49]} Bxf4 {[%clk 0:57:26]}
13. Rxf4 {[%clk 0:55:58]} Bxd3 {[%clk 0:56:52]} 14. Nxd3 {[%clk 0:56:10]} Rae8
{[%clk 0:56:07]} 15. Rf3 {[%clk 0:34:12]} Re7 {[%clk 0:45:50]} 16. Nf4 {[%clk
0:25:01]} Qd6 {[%clk 0:43:33]} 17. Qd3 {[%clk 0:20:03]} Rfe8 {[%clk 0:41:58]}
18. Raf1 {[%clk 0:15:02]} Nf8 {[%clk 0:40:26]} 19. Qc4 {[%clk 0:13:06]} Ne6
{[%clk 0:38:43]} 20. Nh5 {[%clk 0:09:40]} Qd5 {[%clk 0:35:42]} 21. Qxd5 {[%clk
0:08:24]} cxd5 {[%clk 0:34:42]} 22. Rf5 {[%clk 0:06:34]} Rd8 {[%clk 0:33:49]}
23. Re5 {[%clk 0:06:05]} f6 {[%clk 0:31:46]} 24. Re3 {[%clk 0:05:11]} Kf7
{[%clk 0:29:57]} 25. Rfe1 {[%clk 0:04:50]} Rdd7 {[%clk 0:26:29]} 26. Rf1 {[%clk
0:03:36]} Rd6 {[%clk 0:23:39]} 27. Ng3 {[%clk 0:02:38]} g6 {[%clk 0:21:46]} 28.
h4 {[%clk 0:02:07]} Rd8 {[%clk 0:17:51]} 29. Ref3 {[%clk 0:02:02]} f5 {[%clk
0:17:59]} 30. Nh1 {[%clk 0:02:00]} Kg7 {[%clk 0:17:15]} 31. Nf2 {[%clk
0:02:11]} Nf8 {[%clk 0:17:01]} 32. g4 {[%clk 0:01:56]} fxg4 {[%clk 0:15:14]}
33. Nxg4 {[%clk 0:02:09]} Nd7 {[%clk 0:15:06]} 34. h5 {[%clk 0:02:10]} gxh5
{[%clk 0:14:50]} 35. Ne3 {[%clk 0:02:33]} Kg8 {[%clk 0:14:23]} 36. Nxd5 {[%clk
0:02:38]} Ree8 {[%clk 0:12:33]} 37. Rf7 {[%clk 0:02:03]} Kh8 {[%clk 0:10:26]}
38. R1f5 {[%clk 0:01:40]} Rg8+ {[%clk 0:08:43]} 39. Kf2 {[%clk 0:01:32]} Rgf8
{[%clk 0:08:25]} 40. Ke3 {[%clk 0:01:02]} Kg8 {[%clk 0:07:35]} 41. Rxf8+ {[%clk
0:30:30]} Rxf8 {[%clk 0:35:41]} 42. Rxh5 {[%clk 0:29:00]} Kg7 {[%clk 0:35:38]}
43. Nf4 {[%clk 0:24:38]} Re8+ {[%clk 0:34:52]} 44. Kd3 {[%clk 0:23:20]} Nf6
{[%clk 0:34:26]} 45. Rc5 {[%clk 0:21:23]} Re7 {[%clk 0:34:13]} 46. Rf5 {[%clk
0:16:53]} Re8 {[%clk 0:33:28]} 47. c4 {[%clk 0:16:12]} Rh8 {[%clk 0:33:30]} 48.
Ke3 {[%clk 0:11:13]} Re8+ {[%clk 0:33:18]} 49. Kf3 {[%clk 0:10:24]} Ne4 {[%clk
0:31:57]} 50. b3 {[%clk 0:07:49]} Nd2+ {[%clk 0:31:39]} 51. Kg4 {[%clk
0:06:03]} Kh6 {[%clk 0:31:10]} 52. Rf6+ {[%clk 0:05:47]} Kg7 {[%clk 0:31:32]}
53. Rd6 {[%clk 0:05:48]} Re7 {[%clk 0:31:18]} 54. d5 {[%clk 0:05:12]} Ne4
{[%clk 0:31:08]} 55. Rd8 {[%clk 0:05:03]} Kf6 {[%clk 0:30:32]} 56. d6 {[%clk
0:03:53]} Rf7 {[%clk 0:28:18]} 57. Re8 {[%clk 0:03:40]} Rg7+ {[%clk 0:27:26]}
58. Kf3 {[%clk 0:03:41]} Ng5+ {[%clk 0:27:38]} 59. Ke3 {[%clk 0:03:57]} Rd7
{[%clk 0:27:46]} 60. c5 {[%clk 0:03:56]} Kf7 {[%clk 0:27:11]} 61. Ra8 {[%clk
0:03:05]} a6 {[%clk 0:26:48]} 62. Nd5 {[%clk 0:02:48]} Ne6 {[%clk 0:26:50]} 63.
b4 {[%clk 0:02:56]} h5 {[%clk 0:26:32]} 64. Nb6 {[%clk 0:02:56]} Rd8 {[%clk
0:26:44]} 65. Ra7 {[%clk 0:03:11]} Kf6 {[%clk 0:25:23]} 66. Rxb7 {[%clk
0:03:14]} a5 {[%clk 0:25:46]} 67. a3 {[%clk 0:03:17]} axb4 {[%clk 0:26:09]} 68.
axb4 {[%clk 0:03:39]} Ke5 {[%clk 0:26:26]} 69. Rh7 {[%clk 0:03:06]} Nf4 {[%clk
0:26:33]} 70. Nc4+ {[%clk 0:03:15]} Kd5 {[%clk 0:26:52]} 71. Kxf4 {[%clk
0:03:34]} Kxc4 {[%clk 0:27:18]} 72. Ke5 {[%clk 0:03:45]} Kxb4 {[%clk 0:27:11]}
73. c6 {[%clk 0:03:57]} Kc5 {[%clk 0:27:28]} 74. c7 {[%clk 0:04:08]} Re8+
{[%clk 0:27:48]} 75. Re7 {[%clk 0:04:33]} Rc8 {[%clk 0:27:58]} 76. d7 {[%clk
0:04:56]} Rxc7 {[%clk 0:28:14]} 77. d8=Q {[%clk 0:05:17]} Rc6 {[%clk 0:28:32]}
78. Qd4+ {[%clk 0:05:22]} Kb5 {[%clk 0:28:58]} 79. Rb7+ {[%clk 0:05:44]} Ka6
{[%clk 0:29:22]} 80. Qa7# {[%clk 0:06:08]} 1-0

[Event "DEM U16 2021"]
[Site "Willingen GER"]
[Date "2021.08.25"]
[Round "4"]
[White "Kulm, Justin"]
[Black "Rohde, Niclas"]
[Result "0-1"]
[Termination "normal"]
[Board "12"]
[WhiteElo "1628"]
[BlackElo "1591"]
[WhiteClock "00:06:49"]
[BlackClock "00:04:16"]
[PlyCount "68"]
[WhiteFideId "34603565"]
[BlackFideId "16230205"]
[EventCountry "GER"]
[EventRounds "9"]
[EventType "swiss"]
[EventDate "2021.08.22"]

1. Nf3 {[%clk 1:30:52]} Nf6 {[%clk 1:30:48]} 2. g3 {[%clk 1:31:08]} g6 {[%clk
1:31:04]} 3. Bg2 {[%clk 1:31:32]} Bg7 {[%clk 1:31:26]} 4. d4 {[%clk 1:31:19]}
d6 {[%clk 1:31:08]} 5. O-O {[%clk 1:31:37]} O-O {[%clk 1:31:21]} 6. a4 {[%clk
1:30:52]} Nc6 {[%clk 1:25:42]} 7. a5 {[%clk 1:30:07]} a6 {[%clk 1:19:18]} 8. c3
{[%clk 1:28:26]} e5 {[%clk 1:14:52]} 9. dxe5 {[%clk 1:27:26]} dxe5 {[%clk
1:15:05]} 10. Qb3 {[%clk 1:26:44]} Rb8 {[%clk 1:05:43]} 11. Be3 {[%clk
1:18:13]} Be6 {[%clk 1:00:50]} 12. Qa3 {[%clk 1:15:14]} Re8 {[%clk 0:53:33]}
13. Nbd2 {[%clk 1:01:38]} h6 {[%clk 0:36:41]} 14. Rfd1 {[%clk 0:50:34]} Qc8
{[%clk 0:36:32]} 15. Nb3 {[%clk 0:42:28]} Bf8 {[%clk 0:30:21]} 16. Qa4 {[%clk
0:39:54]} Ng4 {[%clk 0:21:30]} 17. Bc1 {[%clk 0:30:24]} b5 {[%clk 0:16:43]} 18.
axb6 {[%clk 0:29:19]} Rxb6 {[%clk 0:17:03]} 19. Na5 {[%clk 0:26:26]} Nxa5
{[%clk 0:17:07]} 20. Qxa5 {[%clk 0:26:33]} Rd8 {[%clk 0:15:47]} 21. Rxd8 {[%clk
0:23:25]} Qxd8 {[%clk 0:16:15]} 22. h3 {[%clk 0:21:50]} Nf6 {[%clk 0:11:53]}
23. Be3 {[%clk 0:17:47]} Rxb2 {[%clk 0:11:24]} 24. Qxa6 {[%clk 0:17:16]} Nd5
{[%clk 0:10:11]} 25. Nxe5 {[%clk 0:14:07]} Nxe3 {[%clk 0:09:39]} 26. fxe3
{[%clk 0:14:32]} Qg5 {[%clk 0:09:12]} 27. Ng4 {[%clk 0:10:57]} Bxg4 {[%clk
0:09:12]} 28. hxg4 {[%clk 0:11:18]} Qxe3+ {[%clk 0:09:28]} 29. Kh2 {[%clk
0:10:13]} Rxe2 {[%clk 0:07:41]} 30. Rf1 {[%clk 0:09:03]} Qe4 {[%clk 0:04:41]}
31. Rg1 {[%clk 0:08:56]} Bc5 {[%clk 0:04:18]} 32. Qc8+ {[%clk 0:08:33]} Kg7
{[%clk 0:04:26]} 33. Kh3 {[%clk 0:07:13]} Bxg1 {[%clk 0:04:16]} 34. Bxe4 {[%clk
0:06:49]} Rh2# 0-1

[Event "DEM U16 2021"]
[Site "Willingen GER"]
[Date "2021.08.25"]
[Round "4"]
[White "Nied, Pascal"]
[Black "Tovmasyan, Minas"]
[Result "0-1"]
[Termination "normal"]
[Board "13"]
[WhiteElo "1870"]
[BlackElo "1869"]
[WhiteClock "00:13:54"]
[BlackClock "00:01:39"]
[PlyCount "56"]
[WhiteFideId "16260597"]
[BlackFideId "16247620"]
[EventCountry "GER"]
[EventRounds "9"]
[EventType "swiss"]
[EventDate "2021.08.22"]

1. e4 {[%clk 1:30:57]} c5 {[%clk 1:30:54]} 2. Nf3 {[%clk 1:31:23]} d6 {[%clk
1:31:18]} 3. d4 {[%clk 1:31:46]} cxd4 {[%clk 1:31:43]} 4. Nxd4 {[%clk 1:32:11]}
Nf6 {[%clk 1:32:06]} 5. Nc3 {[%clk 1:32:34]} a6 {[%clk 1:32:32]} 6. Be2 {[%clk
1:32:49]} e6 {[%clk 1:32:56]} 7. O-O {[%clk 1:32:39]} Be7 {[%clk 1:33:21]} 8.
f4 {[%clk 1:32:44]} O-O {[%clk 1:33:45]} 9. a4 {[%clk 1:30:48]} Qc7 {[%clk
1:31:34]} 10. Be3 {[%clk 1:30:01]} Bd7 {[%clk 1:24:37]} 11. Bf3 {[%clk
1:29:06]} Nc6 {[%clk 1:23:52]} 12. Nb3 {[%clk 1:29:26]} Na5 {[%clk 1:07:22]}
13. e5 {[%clk 1:15:36]} dxe5 {[%clk 0:46:33]} 14. fxe5 {[%clk 1:15:46]} Nxb3
15. exf6 {[%clk 0:57:47]} Bc5 {[%clk 0:42:40]} 16. fxg7 {[%clk 0:48:05]} Bxe3+
{[%clk 0:34:53]} 17. Kh1 {[%clk 0:48:26]} Nxa1 {[%clk 0:27:12]} 18. gxf8=Q+
{[%clk 0:47:42]} Rxf8 {[%clk 0:27:01]} 19. Qxa1 {[%clk 0:40:08]} f5 {[%clk
0:20:47]} 20. Qd1 {[%clk 0:35:37]} Rf6 {[%clk 0:17:43]} 21. g3 {[%clk 0:27:00]}
Rh6 {[%clk 0:07:14]} 22. Kg2 {[%clk 0:26:49]} Kg7 {[%clk 0:04:32]} 23. Qd3
{[%clk 0:25:06]} Bc5 {[%clk 0:03:07]} 24. Ne2 {[%clk 0:18:54]} e5 {[%clk
0:02:35]} 25. Rd1 {[%clk 0:16:56]} Rd6 {[%clk 0:01:57]} 26. Bd5 {[%clk
0:17:20]} Rxd5 {[%clk 0:01:43]} 27. Nd4 {[%clk 0:13:51]} Rxd4 {[%clk 0:01:41]}
28. Qe3 {[%clk 0:13:54]} Bc6+ {[%clk 0:01:39]} 0-1

[Event "DEM U16 2021"]
[Site "Willingen GER"]
[Date "2021.08.25"]
[Round "4"]
[White "Alhamid, Mohamad"]
[Black "Lohmann, Laurin"]
[Result "0-1"]
[Termination "normal"]
[Board "14"]
[WhiteElo "1652"]
[BlackElo "1810"]
[WhiteClock "00:01:08"]
[BlackClock "00:03:03"]
[PlyCount "112"]
[WhiteFideId "16235665"]
[BlackFideId "16281594"]
[EventCountry "GER"]
[EventRounds "9"]
[EventType "swiss"]
[EventDate "2021.08.22"]

1. e4 {[%clk 1:30:58]} e5 {[%clk 1:30:49]} 2. Bc4 {[%clk 1:31:24]} Nf6 {[%clk
1:30:29]} 3. Nf3 {[%clk 1:31:50]} Nxe4 {[%clk 1:30:25]} 4. Nc3 {[%clk 1:32:16]}
Nxc3 {[%clk 1:24:16]} 5. dxc3 {[%clk 1:31:51]} f6 {[%clk 1:24:37]} 6. Nh4
{[%clk 1:31:52]} g6 {[%clk 1:22:53]} 7. O-O {[%clk 1:32:02]} Qe7 {[%clk
1:20:01]} 8. Kh1 {[%clk 1:21:47]} d6 {[%clk 1:06:39]} 9. f4 {[%clk 1:20:41]}
Be6 {[%clk 0:56:38]} 10. Bxe6 {[%clk 1:02:27]} Qxe6 {[%clk 0:57:07]} 11. fxe5
{[%clk 1:01:41]} fxe5 {[%clk 0:48:00]} 12. Qe2 {[%clk 0:49:54]} Nc6 {[%clk
0:44:33]} 13. Nf3 {[%clk 0:49:32]} Be7 {[%clk 0:37:32]} 14. Be3 {[%clk
0:47:07]} O-O-O {[%clk 0:30:43]} 15. b4 {[%clk 0:43:25]} Rhf8 {[%clk 0:22:00]}
16. Rfe1 {[%clk 0:41:16]} Qg4 {[%clk 0:18:23]} 17. Bd2 {[%clk 0:33:43]} Bh4 18.
h3 {[%clk 0:27:21]} Qg3 {[%clk 0:14:13]} 19. Rf1 {[%clk 0:19:20]} Bf6 {[%clk
0:12:55]} 20. Be1 {[%clk 0:19:28]} Qf4 {[%clk 0:13:11]} 21. b5 {[%clk 0:17:22]}
Na5 {[%clk 0:09:10]} 22. Nd4 {[%clk 0:17:08]} Qh6 {[%clk 0:09:10]} 23. Ne6
{[%clk 0:17:07]} b6 {[%clk 0:06:22]} 24. Qg4 {[%clk 0:03:15]} Kb8 {[%clk
0:06:38]} 25. Nxd8 {[%clk 0:03:08]} Bxd8 {[%clk 0:06:04]} 26. Bg3 {[%clk
0:02:50]} Nb7 {[%clk 0:05:35]} 27. Rf3 {[%clk 0:02:42]} Nc5 {[%clk 0:05:17]}
28. Raf1 {[%clk 0:01:20]} Re8 {[%clk 0:05:33]} 29. Bf2 {[%clk 0:01:20]} Ne6
{[%clk 0:05:33]} 30. Be3 {[%clk 0:01:13]} g5 {[%clk 0:05:46]} 31. Rf7 {[%clk
0:01:13]} Qg6 {[%clk 0:05:51]} 32. Qf5 Qh5 {[%clk 0:04:49]} 33. Rxh7 {[%clk
0:01:09]} Qe2 {[%clk 0:05:08]} 34. Qf2 {[%clk 0:00:48]} Qxb5 35. Rf7 {[%clk
0:00:55]} Qd5 {[%clk 0:03:42]} 36. Qf5 {[%clk 0:00:55]} Qxa2 {[%clk 0:03:49]}
37. Rd7 {[%clk 0:01:03]} Qa4 {[%clk 0:03:27]} 38. Qf7 {[%clk 0:00:35]} Kc8
{[%clk 0:02:42]} 39. Qxe8 {[%clk 0:00:35]} Qxd7 {[%clk 0:03:03]} 40. Qg6 {[%clk
0:00:52]} Nf4 {[%clk 0:02:15]} 41. Qe4 {[%clk 0:30:26]} Kb8 {[%clk 0:32:04]}
42. Bxf4 {[%clk 0:30:02]} exf4 {[%clk 0:32:15]} 43. Re1 a5 44. c4 {[%clk
0:29:37]} Bf6 {[%clk 0:29:58]} 45. Qg6 {[%clk 0:29:12]} Bd8 {[%clk 0:27:15]}
46. Re8 {[%clk 0:22:41]} Kb7 {[%clk 0:18:02]} 47. Qe4+ {[%clk 0:16:55]} Kb8
{[%clk 0:18:09]} 48. Rh8 {[%clk 0:16:29]} Ka7 {[%clk 0:17:44]} 49. Kg1 {[%clk
0:15:50]} Qe7 {[%clk 0:17:19]} 50. Qd3 {[%clk 0:09:47]} Qe1+ {[%clk 0:14:43]}
51. Kh2 {[%clk 0:05:44]} Bf6 {[%clk 0:02:20]} 52. Rf8 {[%clk 0:00:54]} Be5
{[%clk 0:02:28]} 53. Qf3 {[%clk 0:01:19]} Qg3+ {[%clk 0:02:43]} 54. Qxg3 {[%clk
0:01:44]} fxg3+ {[%clk 0:03:03]} 55. Kg1 {[%clk 0:01:46]} a4 {[%clk 0:02:38]}
56. Rf3 {[%clk 0:01:08]} Bb2 {[%clk 0:03:03]} 0-1

[Event "DEM U16 2021"]
[Site "Willingen GER"]
[Date "2021.08.26"]
[Round "5"]
[White "Farokhi, Keyvan"]
[Black "Hommer, Jeremy"]
[Result "1/2-1/2"]
[Termination "normal"]
[Board "1"]
[WhiteElo "2045"]
[BlackElo "2172"]
[WhiteClock "00:24:07"]
[BlackClock "00:29:09"]
[PlyCount "87"]
[WhiteFideId "12998630"]
[BlackFideId "12992577"]
[EventCountry "GER"]
[EventRounds "9"]
[EventType "swiss"]
[EventDate "2021.08.22"]

1. e4 {[%clk 1:30:26]} e6 {[%clk 1:30:55]} 2. d4 {[%clk 1:30:42]} d5 {[%clk
1:31:20]} 3. Nc3 {[%clk 1:31:04]} Nf6 {[%clk 1:31:44]} 4. e5 {[%clk 1:31:25]}
Nfd7 {[%clk 1:32:08]} 5. f4 {[%clk 1:31:46]} c5 {[%clk 1:32:34]} 6. Nf3 {[%clk
1:32:02]} Nc6 {[%clk 1:32:58]} 7. Be3 {[%clk 1:32:16]} a6 {[%clk 1:33:23]} 8.
Qd2 {[%clk 1:31:47]} b5 {[%clk 1:33:39]} 9. dxc5 {[%clk 1:31:59]} Bxc5 {[%clk
1:33:59]} 10. Bd3 {[%clk 1:31:53]} Qb6 {[%clk 1:34:24]} 11. Bf2 {[%clk
1:32:01]} Bb7 {[%clk 1:34:28]} 12. a3 {[%clk 1:32:04]} O-O {[%clk 1:34:50]} 13.
O-O {[%clk 1:32:14]} Bxf2+ {[%clk 1:34:35]} 14. Rxf2 {[%clk 1:32:38]} f6 {[%clk
1:29:43]} 15. exf6 {[%clk 1:23:26]} Nxf6 {[%clk 1:29:58]} 16. Kh1 {[%clk
1:21:04]} Rad8 {[%clk 1:29:31]} 17. Re1 {[%clk 1:18:30]} b4 {[%clk 1:28:10]}
18. axb4 {[%clk 1:05:41]} Nxb4 {[%clk 1:27:53]} 19. Ng5 {[%clk 1:04:21]} Nxd3
{[%clk 0:59:36]} 20. cxd3 {[%clk 1:04:39]} e5 {[%clk 0:59:35]} 21. fxe5 {[%clk
1:00:49]} Ng4 {[%clk 0:54:08]} 22. Rxf8+ {[%clk 1:00:44]} Rxf8 {[%clk 0:54:32]}
23. d4 {[%clk 0:56:08]} Rf2 {[%clk 0:43:56]} 24. Qd1 {[%clk 0:54:10]} Rf4
{[%clk 0:41:14]} 25. Qa4 {[%clk 0:46:12]} Qg6 {[%clk 0:25:03]} 26. Nh3 {[%clk
0:39:18]} Nf2+ {[%clk 0:16:24]} 27. Nxf2 {[%clk 0:39:29]} Rxf2 {[%clk 0:16:49]}
28. Rg1 {[%clk 0:39:30]} h5 {[%clk 0:14:01]} 29. Qd7 {[%clk 0:33:48]} Bc6
{[%clk 0:14:21]} 30. Qc8+ {[%clk 0:32:06]} Kh7 {[%clk 0:14:11]} 31. Qxa6 {[%clk
0:29:48]} h4 {[%clk 0:10:46]} 32. h3 {[%clk 0:29:11]} Rxb2 {[%clk 0:11:08]} 33.
Qf1 {[%clk 0:21:03]} Qg3 {[%clk 0:09:48]} 34. Qf5+ {[%clk 0:19:09]} g6 {[%clk
0:10:09]} 35. Qf7+ {[%clk 0:18:59]} Kh6 {[%clk 0:10:29]} 36. Nxd5 {[%clk
0:13:12]} Rf2 {[%clk 0:07:19]} 37. Qg8 {[%clk 0:13:23]} Bb7 {[%clk 0:05:37]}
38. Qh8+ {[%clk 0:11:06]} Kg5 {[%clk 0:06:05]} 39. Qd8+ {[%clk 0:11:26]} Kh6
{[%clk 0:05:23]} 40. e6 {[%clk 0:10:42]} Rf5 {[%clk 0:03:06]} 41. e7 {[%clk
0:28:00]} Bxd5 {[%clk 0:31:27]} 42. Qxd5 {[%clk 0:27:42]} Rxd5 {[%clk 0:31:27]}
43. e8=Q {[%clk 0:28:00]} Qd3 {[%clk 0:29:09]} 44. Re1 {[%clk 0:24:07]} 1/2-1/2

[Event "DEM U16 2021"]
[Site "Willingen GER"]
[Date "2021.08.26"]
[Round "5"]
[White "Milare, Tyron"]
[Black "Pubantz, Jan"]
[Result "0-1"]
[Termination "normal"]
[Board "2"]
[WhiteElo "2161"]
[BlackElo "2268"]
[WhiteClock "00:31:17"]
[BlackClock "00:23:35"]
[PlyCount "92"]
[WhiteFideId "12987018"]
[BlackFideId "12996114"]
[EventCountry "GER"]
[EventRounds "9"]
[EventType "swiss"]
[EventDate "2021.08.22"]

1. d4 {[%clk 1:30:23]} d5 {[%clk 1:30:54]} 2. Nf3 {[%clk 1:30:44]} Nf6 {[%clk
1:31:19]} 3. c4 {[%clk 1:30:55]} c6 {[%clk 1:31:36]} 4. e3 {[%clk 1:31:09]} Bg4
{[%clk 1:31:28]} 5. Nc3 {[%clk 1:30:09]} e6 {[%clk 1:31:16]} 6. h3 {[%clk
1:28:51]} Bh5 {[%clk 1:31:13]} 7. Qb3 {[%clk 1:26:15]} Qb6 {[%clk 1:30:53]} 8.
c5 {[%clk 1:25:46]} Qc7 {[%clk 1:29:35]} 9. Ne5 {[%clk 1:21:56]} Nbd7 {[%clk
1:25:11]} 10. f4 {[%clk 1:15:58]} Nxe5 {[%clk 1:10:58]} 11. fxe5 {[%clk
1:16:05]} Nd7 {[%clk 1:10:21]} 12. Qc2 {[%clk 1:14:12]} Be7 {[%clk 1:06:16]}
13. Be2 {[%clk 0:55:35]} Bg6 {[%clk 0:46:19]} 14. Qd1 {[%clk 0:55:05]} Bh4+
{[%clk 0:45:08]} 15. Kd2 {[%clk 0:55:08]} O-O-O {[%clk 0:44:00]} 16. Bd3 {[%clk
0:46:49]} Nxe5 {[%clk 0:40:50]} 17. Bxg6 {[%clk 0:47:13]} Nxg6 {[%clk 0:36:22]}
18. Kc2 {[%clk 0:47:27]} e5 {[%clk 0:33:59]} 19. Rf1 {[%clk 0:45:23]} Kb8
{[%clk 0:30:21]} 20. b4 {[%clk 0:44:24]} Rhe8 {[%clk 0:28:06]} 21. b5 {[%clk
0:41:19]} cxb5 {[%clk 0:23:20]} 22. Nxb5 {[%clk 0:41:15]} Qc6 {[%clk 0:23:33]}
23. Rb1 {[%clk 0:39:38]} Rd7 {[%clk 0:21:29]} 24. Bd2 {[%clk 0:35:53]} Be7
{[%clk 0:19:24]} 25. Bc3 {[%clk 0:35:06]} a6 {[%clk 0:19:08]} 26. Na3 {[%clk
0:29:57]} exd4 {[%clk 0:13:54]} 27. exd4 {[%clk 0:30:20]} Qa4+ {[%clk 0:10:47]}
28. Rb3 {[%clk 0:29:30]} Bf6 {[%clk 0:09:23]} 29. Kb1 {[%clk 0:28:32]} Rde7
{[%clk 0:08:45]} 30. Ka1 {[%clk 0:28:06]} Qd7 {[%clk 0:07:51]} 31. Nc2 {[%clk
0:28:11]} Re6 {[%clk 0:04:20]} 32. Qb1 {[%clk 0:28:23]} Ne7 {[%clk 0:04:04]}
33. Nb4 {[%clk 0:26:50]} Ka8 {[%clk 0:04:03]} 34. Rf2 {[%clk 0:18:53]} Nc6
{[%clk 0:02:45]} 35. Nxc6 {[%clk 0:19:08]} Qxc6 {[%clk 0:01:43]} 36. Rb6 {[%clk
0:16:50]} Qc7 {[%clk 0:01:31]} 37. Rxe6 {[%clk 0:10:21]} Rxe6 {[%clk 0:01:51]}
38. Qd3 {[%clk 0:08:54]} Qe7 {[%clk 0:01:42]} 39. Kb2 {[%clk 0:08:09]} Re3
{[%clk 0:01:31]} 40. Qf5 {[%clk 0:07:52]} Qe6 {[%clk 0:00:37]} 41. Qxe6 {[%clk
0:04:43]} fxe6 {[%clk 0:29:46]} 42. Kc2 {[%clk 0:32:48]} Kb8 {[%clk 0:28:29]}
43. Kd2 {[%clk 0:32:35]} Re4 {[%clk 0:27:59]} 44. Kd3 {[%clk 0:32:40]} Kc7
{[%clk 0:25:35]} 45. Rb2 {[%clk 0:32:26]} Bg5 {[%clk 0:24:00]} 46. Bd2 {[%clk
0:31:17]} Rxd4+ {[%clk 0:23:35]} 0-1

[Event "DEM U16 2021"]
[Site "Willingen GER"]
[Date "2021.08.26"]
[Round "5"]
[White "Haack, Kevin"]
[Black "Gallasch, Jonas"]
[Result "0-1"]
[Termination "normal"]
[Board "3"]
[WhiteElo "2076"]
[BlackElo "2046"]
[WhiteClock "00:15:39"]
[BlackClock "00:08:32"]
[PlyCount "126"]
[WhiteFideId "16228715"]
[BlackFideId "16222474"]
[EventCountry "GER"]
[EventRounds "9"]
[EventType "swiss"]
[EventDate "2021.08.22"]

1. c4 {[%clk 1:30:59]} Nf6 {[%clk 1:30:50]} 2. Nf3 {[%clk 1:31:22]} g6 {[%clk
1:31:11]} 3. g3 {[%clk 1:31:48]} Bg7 {[%clk 1:31:33]} 4. Bg2 {[%clk 1:32:14]}
O-O {[%clk 1:31:37]} 5. O-O {[%clk 1:32:38]} d5 {[%clk 1:31:11]} 6. cxd5 {[%clk
1:31:53]} Nxd5 {[%clk 1:31:34]} 7. Nc3 {[%clk 1:32:13]} Nb6 {[%clk 1:31:51]} 8.
d4 {[%clk 1:29:54]} Nc6 {[%clk 1:32:13]} 9. d5 {[%clk 1:22:32]} Na5 {[%clk
1:32:34]} 10. e4 {[%clk 1:18:40]} c6 {[%clk 1:32:56]} 11. dxc6 {[%clk 1:16:01]}
Nxc6 {[%clk 1:33:12]} 12. Qe2 {[%clk 1:12:38]} Bg4 {[%clk 1:27:37]} 13. Be3
{[%clk 1:03:22]} Nd4 {[%clk 1:24:58]} 14. Bxd4 {[%clk 1:03:21]} Bxf3 {[%clk
1:25:17]} 15. Bxf3 {[%clk 0:58:42]} Qxd4 {[%clk 1:25:22]} 16. Rfd1 {[%clk
0:53:37]} Qe5 {[%clk 1:22:20]} 17. Rd3 {[%clk 0:45:09]} Rfd8 {[%clk 1:12:51]}
18. Rad1 {[%clk 0:45:19]} Rxd3 {[%clk 1:12:49]} 19. Qxd3 {[%clk 0:41:55]} Rc8
{[%clk 1:08:35]} 20. Qe2 {[%clk 0:32:41]} a6 {[%clk 1:01:52]} 21. Rd3 {[%clk
0:30:39]} e6 {[%clk 0:56:25]} 22. Qc2 {[%clk 0:26:17]} Nc4 {[%clk 0:46:04]} 23.
Nd1 {[%clk 0:23:52]} Nd6 {[%clk 0:34:40]} 24. Rc3 {[%clk 0:20:20]} Rxc3 {[%clk
0:33:38]} 25. Nxc3 {[%clk 0:20:45]} Nc4 {[%clk 0:28:26]} 26. Ne2 {[%clk
0:20:58]} Nxb2 {[%clk 0:27:05]} 27. Qc8+ {[%clk 0:20:48]} Bf8 {[%clk 0:27:17]}
28. Qxb7 {[%clk 0:21:07]} Nd3 {[%clk 0:21:42]} 29. Qb1 {[%clk 0:20:49]} Qd6
{[%clk 0:20:38]} 30. Qd1 {[%clk 0:19:36]} Ne5 {[%clk 0:17:53]} 31. Qxd6 {[%clk
0:19:02]} Nxf3+ {[%clk 0:12:03]} 32. Kg2 {[%clk 0:19:30]} Nh4+ {[%clk 0:12:22]}
33. Kh3 {[%clk 0:19:56]} Bxd6 {[%clk 0:12:47]} 34. Kxh4 {[%clk 0:20:21]} f5
{[%clk 0:12:17]} 35. f4 {[%clk 0:15:13]} Kf7 {[%clk 0:07:14]} 36. e5 {[%clk
0:13:49]} Be7+ {[%clk 0:06:58]} 37. Kh3 {[%clk 0:14:18]} Bc5 {[%clk 0:06:42]}
38. g4 {[%clk 0:14:33]} Ke7 {[%clk 0:03:52]} 39. gxf5 {[%clk 0:14:45]} exf5
{[%clk 0:04:03]} 40. Kh4 {[%clk 0:12:22]} h6 {[%clk 0:03:55]} 41. Kg3 {[%clk
0:12:49]} Ke6 {[%clk 0:29:58]} 42. Kf3 {[%clk 0:38:41]} g5 {[%clk 0:17:13]} 43.
h3 {[%clk 0:38:49]} Bb6 {[%clk 0:16:37]} 44. Kg3 {[%clk 0:30:28]} Kd5 {[%clk
0:14:00]} 45. Kf3 {[%clk 0:29:42]} Ba5 {[%clk 0:10:45]} 46. Ke3 {[%clk
0:24:48]} Bb4 {[%clk 0:10:51]} 47. Ng3 {[%clk 0:20:10]} Ke6 {[%clk 0:09:40]}
48. Ne2 {[%clk 0:20:39]} Bc5+ {[%clk 0:07:19]} 49. Kf3 {[%clk 0:19:53]} Bb6
{[%clk 0:06:55]} 50. Kg3 {[%clk 0:19:48]} Be3 {[%clk 0:06:38]} 51. Kf3 {[%clk
0:19:32]} Bc5 {[%clk 0:07:02]} 52. Kg3 {[%clk 0:17:55]} Kd5 {[%clk 0:07:09]}
53. Kf3 {[%clk 0:18:06]} Ba3 {[%clk 0:06:35]} 54. Ke3 {[%clk 0:17:03]} Bb2
{[%clk 0:06:13]} 55. Ng3 {[%clk 0:14:01]} gxf4+ {[%clk 0:05:59]} 56. Kxf4
{[%clk 0:14:18]} Bxe5+ {[%clk 0:06:24]} 57. Kf3 {[%clk 0:14:30]} Bxg3 {[%clk
0:06:50]} 58. Kxg3 {[%clk 0:14:57]} Ke4 {[%clk 0:07:11]} 59. Kf2 {[%clk
0:15:21]} Kf4 {[%clk 0:07:32]} 60. a3 {[%clk 0:15:31]} h5 {[%clk 0:07:20]} 61.
a4 {[%clk 0:15:11]} a5 {[%clk 0:07:44]} 62. h4 {[%clk 0:15:11]} Kg4 {[%clk
0:08:09]} 63. Ke3 {[%clk 0:15:39]} Kg3 {[%clk 0:08:32]} 0-1